[Event "St Chely d'Aubrac op 9th"]
[Site "St Chely d'Aubrac"]
[Date "2009.07.14"]
[Round "5"]
[White "Kiecken, Alexis"]
[Black "Grimaud, Clement"]
[Result "0-1"]
[WhiteElo "1280"]
[BlackElo "1340"]
[PlyCount "52"]
[EventDate "2009.07.11"]
[EventType "swiss"]
[EventRounds "9"]
[EventCountry "FRA"]
[SourceTitle "EXT 2010"]
[Source "ChessBase"]
[SourceDate "2010.11.25"]
[SourceVersion "1"]
[SourceVersionDate "2010.11.25"]
[SourceQuality "1"]

1. e4 e5 2. Nf3 Nc6 3. d4 exd4 4. Nxd4 Nxd4 5. Qxd4 d6 6. Bc4 c5 7. Qd3 Be7 8. Qf3 Nf6 9. 0-0 0-0 10. Nc3 a6 11. Bg5 b5 12. Bd5 Rb8 13. Bxf6 Bxf6 14. a3 Bd7 15. b4 c4 16. Qf4 Bxc3 17. Rad1 Be5 18. Qf3 Qc8 19. c3 Bg4 20. Qe3 Bxd1 21. Rxd1 Qg4 22. f3 Qf4 23. Qxf4 Bxf4 24. Ra1 Bd2 25. a4 Bxc3 26. axb5 Bd4+ 0-1

[Event "St Chely d'Aubrac op 9th"]
[Site "St Chely d'Aubrac"]
[Date "2009.07.13"]
[Round "4"]
[White "Grange, Julien"]
[Black "Kiecken, Alexis"]
[Result "1-0"]
[WhiteElo "1199"]
[BlackElo "1280"]
[PlyCount "53"]
[EventDate "2009.07.11"]
[EventType "swiss"]
[EventRounds "9"]
[EventCountry "FRA"]
[SourceTitle "EXT 2010"]
[Source "ChessBase"]
[SourceDate "2010.11.25"]
[SourceVersion "1"]
[SourceVersionDate "2010.11.25"]
[SourceQuality "1"]

1. e4 e5 2. Nf3 Nc6 3. Bb5 a6 4. Bxc6 dxc6 5. d3 Bb4+ 6. c3 Bd6 7. d4 exd4 8. Nxd4 Nf6 9. Bg5 h6 10. Bxf6 Qxf6 11. Nd2 c5 12. N4f3 0-0 13. Nc4 Bf4 14. g3 Rd8 15. Qe2 Bh3 16. gxf4 Bg2 17. Rg1 Bxf3 18. Qxf3 Qh4 19. Rg3 Rd7 20. Qg4 Qxg4 21. Rxg4 b5 22. Ne5 Re7 23. 0-0-0 Re6 24. Rd7 h5 25. Rg5 f6 26. Rgxg7+ Kh8 27. Ng6# 1-0